Επιστήμη και Τεχνολογία Τσιμέντου / Ειδικά Κεφάλαια για το Μάθημα 'Χημεία' 1ου Εξαμήνου Πολιτικών Μηχανικών (Record no. 9431)
[ view plain ]
| 000 -LEADER | |
|---|---|
| fixed length control field | 01384cam a22001934a 4500 |
| 005 - ΗΜΕΡΟΜΗΝΙΑ ΚΑΙ ΩΡΑ ΤΕΛΕΥΤΑΙΑΣ ΕΝΗΜΕΡΩΣΗΣ | |
| Πεδίο ελέγχου | 20250605164400.0 |
| 008 - FIXED-LENGTH DATA ELEMENTS--GENERAL INFORMATION | |
| Πεδίο ελέγχου σταθερού μήκους | 250528s ||||||||||||||||||||||||d |
| 035 ## - SYSTEM CONTROL NUMBER | |
| System control number | 24557 |
| 040 ## - ΠΗΓΗ ΚΑΤΑΛΟΓΟΓΡΑΦΗΣΗΣ | |
| Φορέας πρωτότυπης καταλογογράφησης | MC Athens Campus Library |
| Γλώσσα καταλογογράφησης | Ελληνικά, Μοντέρνα (1453-) |
| Modifying agency | MC Athens Campus Library |
| Κανόνες περιγραφικής καταλογογράφησης | AACR2 |
| 245 1# - ΤΙΤΛΟΣ ΚΑΙ ΔΗΛΩΣΗ ΥΠΕΥΘΥΝΟΤΗΤΑΣ | |
| Τίτλος | Επιστήμη και Τεχνολογία Τσιμέντου / Ειδικά Κεφάλαια για το Μάθημα 'Χημεία' 1ου Εξαμήνου Πολιτικών Μηχανικών |
| 260 ## - PUBLICATION, DISTRIBUTION, ETC. | |
| Place of publication, distribution, etc. | Αθήνα |
| Name of publisher, distributor, etc. | Ε.Μ. Πολυτεχνείο, |
| Date of publication, distribution, etc. | 2000 |
| 300 ## - PHYSICAL DESCRIPTION | |
| Extent | 334 |
| 520 ## - SUMMARY, ETC. | |
| Summary, etc. | Εισαγωγή, Ορολογία Τσιμέντου και Σκυροδέματος, Προτυποποίηση των Κοινών Τσιμέντων, Πρώτες Ύλες στη Βιομηχανία Τσιμέντου, Η Διαδικασία Παραγωγής του Τσιμέντου, Επίδραση της Διαδικασίας Παραγωγής στις Ιδιότητες του Τσιμέντου, Προστασία του Περιβάλλοντος, Ενυδάτωση Τσιμέντου Portland, Σύνθετα Τσιμέντα Portland, Ειδικά Τσιμέντα, Το Σκυρόδεμα, Προσβολή Σκυροδέματος από Χημικές Αιτίες, Βιβλιογραφία. |
| 700 1# - ΠΡΟΣΘΕΤΗ ΑΝΑΓΡΑΦΗ--ΦΥΣΙΚΟ ΠΡΟΣΩΠΟ | |
| Personal name | Τσιβίλης Σ |
| 9 (RLIN) | 9469 |
| 700 1# - ΠΡΟΣΘΕΤΗ ΑΝΑΓΡΑΦΗ--ΦΥΣΙΚΟ ΠΡΟΣΩΠΟ | |
| Personal name | Τσίμας Σ |
| 9 (RLIN) | 9470 |
| 942 ## - ADDED ENTRY ELEMENTS (KOHA) | |
| Koha item type | Books |
| Τύπος τεκμηρίου | Βιβλιοθήκη | Τρέχουσα τοποθεσία | Barcode | Αριθμός εισαγωγής | Ημερομηνία απόκτησης | Ταξιθετικό σύμβολο | Αριθμός αντιτύπου | Κατάσταση απόσυρσης | Κατάσταση χαμένου | Κατάσταση κατεστραμμένου | Μη δανεισμός | Σύνολο δανεισμών | Ημερομηνία τελευταίας εμφάνισης | Η τιμή ισχύει από |
|---|---|---|---|---|---|---|---|---|---|---|---|---|---|---|
| Books | MC Athens Campus Library | MC Athens Campus Library | 9780000094308 | 7743 | 666.893 TSI | 1 | 05/06/2025 | 05/06/2025 |